<?xml version="1.0" encoding="UTF-8"?>
<record
    xmlns:xsi="http://www.w3.org/2001/XMLSchema-instance"
    xsi:schemaLocation="http://www.loc.gov/MARC21/slim http://www.loc.gov/standards/marcxml/schema/MARC21slim.xsd"
    xmlns="http://www.loc.gov/MARC21/slim">

  <leader>01332nam a22002537a 4500</leader>
  <controlfield tag="005">20170124103126.0</controlfield>
  <datafield tag="010" ind1=" " ind2=" ">
    <subfield code="a">B-201959</subfield>
  </datafield>
  <datafield tag="020" ind1=" " ind2=" ">
    <subfield code="c">250.00</subfield>
  </datafield>
  <datafield tag="035" ind1=" " ind2=" ">
    <subfield code="a">B-201959</subfield>
  </datafield>
  <datafield tag="037" ind1=" " ind2=" ">
    <subfield code="b">Cen Lib/Ret</subfield>
  </datafield>
  <datafield tag="040" ind1=" " ind2=" ">
    <subfield code="a">DPL</subfield>
    <subfield code="b">HN</subfield>
  </datafield>
  <datafield tag="082" ind1=" " ind2=" ">
    <subfield code="a">338.954</subfield>
    <subfield code="b">&#x92D;&#x93E;&#x930;&#x924; </subfield>
  </datafield>
  <datafield tag="245" ind1=" " ind2=" ">
    <subfield code="a">&#x92D;&#x93E;&#x930;&#x924; &#x938;&#x930;&#x915;&#x93E;&#x930; &#x915;&#x947; &#x935;&#x93F;&#x915;&#x93E;&#x938; &#x915;&#x93E;&#x930;&#x94D;&#x92F; &#x90F;&#x935;&#x902; &#x909;&#x92A;&#x932;&#x92C;&#x94D;&#x927;&#x93F;&#x92F;&#x93E;&#x901; /</subfield>
    <subfield code="c">&#x938;&#x92E;&#x94D;&#x92A;&#x93E;&#x926;&#x915; &#x92A;&#x94D;&#x930;&#x915;&#x93E;&#x936; &#x928;&#x93E;&#x930;&#x93E;&#x92F;&#x923; &#x928;&#x93E;&#x91F;&#x93E;&#x928;&#x940;</subfield>
  </datafield>
  <datafield tag="246" ind1=" " ind2=" ">
    <subfield code="a">Bharat sarkar ke vikas karye ewam uplabdhiyan /</subfield>
    <subfield code="b">sampadak Prakash Narayan Natani </subfield>
  </datafield>
  <datafield tag="260" ind1=" " ind2=" ">
    <subfield code="b">&#x930;&#x93E;&#x91C;&#x938;&#x94D;&#x925;&#x93E;&#x928; &#x92A;&#x94D;&#x930;&#x915;&#x93E;&#x936;&#x928; </subfield>
    <subfield code="a">&#x91C;&#x92F;&#x92A;&#x941;&#x930; </subfield>
    <subfield code="c">2004</subfield>
  </datafield>
  <datafield tag="270" ind1=" " ind2=" ">
    <subfield code="b">&#x91C;&#x92F;&#x92A;&#x941;&#x930; </subfield>
    <subfield code="a">28-29, &#x924;&#x94D;&#x930;&#x93F;&#x92A;&#x94B;&#x932;&#x93F;&#x92F;&#x93E; &#x92C;&#x93E;&#x91C;&#x93E;&#x930; </subfield>
  </datafield>
  <datafield tag="300" ind1=" " ind2=" ">
    <subfield code="a">256&#x92A;&#x943;. </subfield>
    <subfield code="c">20&#x938;&#x947;&#x92E;&#x940;(&#x938;&#x91C;&#x93F;&#x932;&#x94D;&#x926;)</subfield>
  </datafield>
  <datafield tag="650" ind1=" " ind2=" ">
    <subfield code="a">&#x92D;&#x93E;&#x930;&#x924; &#x938;&#x930;&#x915;&#x93E;&#x930; -- &#x917;&#x94D;&#x930;&#x93E;&#x92E;&#x940;&#x923;&#x94B;&#x902; &#x914;&#x930; &#x917;&#x930;&#x940;&#x92C;&#x94B;&#x902; &#x915;&#x947; &#x935;&#x93F;&#x915;&#x93E;&#x938; </subfield>
    <subfield code="9">83215</subfield>
  </datafield>
  <datafield tag="650" ind1=" " ind2=" ">
    <subfield code="a">&#x92D;&#x93E;&#x930;&#x924; &#x938;&#x930;&#x915;&#x93E;&#x930; -- &#x92A;&#x930;&#x92E;&#x93E;&#x923;&#x941; &#x90A;&#x930;&#x94D;&#x91C;&#x93E; &#x915;&#x93E; &#x935;&#x93F;&#x915;&#x93E;&#x938; </subfield>
    <subfield code="9">83216</subfield>
  </datafield>
  <datafield tag="650" ind1=" " ind2=" ">
    <subfield code="a">Indian government - rural and poor growth</subfield>
    <subfield code="9">83217</subfield>
  </datafield>
  <datafield tag="650" ind1=" " ind2=" ">
    <subfield code="a">Indian government - Development of nuclear energy</subfield>
    <subfield code="9">83218</subfield>
  </datafield>
  <datafield tag="700" ind1=" " ind2=" ">
    <subfield code="a">&#x928;&#x93E;&#x91F;&#x93E;&#x928;&#x940;, &#x92A;&#x94D;&#x930;&#x915;&#x93E;&#x936; &#x928;&#x93E;&#x930;&#x93E;&#x92F;&#x923; </subfield>
    <subfield code="9">45081</subfield>
  </datafield>
  <datafield tag="942" ind1=" " ind2=" ">
    <subfield code="2">ddc</subfield>
    <subfield code="c">HN</subfield>
    <subfield code="h">338.954</subfield>
    <subfield code="m">&#x92D;&#x93E;&#x930;&#x924; </subfield>
  </datafield>
  <datafield tag="999" ind1=" " ind2=" ">
    <subfield code="c">119072</subfield>
    <subfield code="d">119072</subfield>
  </datafield>
  <datafield tag="952" ind1=" " ind2=" ">
    <subfield code="0">0</subfield>
    <subfield code="1">0</subfield>
    <subfield code="4">0</subfield>
    <subfield code="7">0</subfield>
    <subfield code="a">L</subfield>
    <subfield code="b">L</subfield>
    <subfield code="d">2015-09-15</subfield>
    <subfield code="e">Cen Lib/Ret</subfield>
    <subfield code="g">250.00</subfield>
    <subfield code="l">0</subfield>
    <subfield code="o">338.954 &#x92D;&#x93E;&#x930;&#x924;</subfield>
    <subfield code="p">B-201959</subfield>
    <subfield code="r">2015-09-15 00:00:00</subfield>
    <subfield code="t">1</subfield>
    <subfield code="v">250.00</subfield>
    <subfield code="w">2015-09-15</subfield>
    <subfield code="y">HN</subfield>
  </datafield>
</record>
